Kluby piłkarskie Badenii-Wirtembergii - nagła śmierć - Statystyki

Ogólne statystyki
  • Ten quiz został rozwiązany 5 razy
  • Średni wynik to 4 z 8
Answers on the Grid
Answers color-coded by a green-red scale on the quiz's grid according to % correct below.
1. FC Heidenheim
1. FSV Mainz 05
VfB Stuttgart
Alemannia Aachen
SC Freiburg
Holstein Kiel
SSV Ulm 1846
Karlsruher SC
1. FC Kaiserslautern
TSG 1899 Hoffenheim
SV Darmstadt 98
SV Sandhausen
1. FC Saarbrücken
SV Waldhof Mannheim
 
Statystyki odpowiedzi
Odpowiedź % Poprawnych
VfB Stuttgart
75%
1. FC Heidenheim
50%
Karlsruher SC
50%
SC Freiburg
50%
TSG 1899 Hoffenheim
50%
SSV Ulm 1846
25%
SV Sandhausen
25%
SV Waldhof Mannheim
25%
Nie znaleziono quizów pasujących do podanych kryteriów
Rozkład punktacji
Procent ludzi z każdym wynikiem
Percentyl według liczby udzielonych odpowiedzi
Twoja historia wyników
Nie rozwiązałeś tego quizu